| 000 | 00728nam a2200217Ia 4500 | ||
|---|---|---|---|
| 999 |
_c65199 _d65199 |
||
| 005 | 20240530110812.0 | ||
| 008 | 140319s2008 au a b 000 0 ara d | ||
| 017 |
_a2007/22826 _bمصر . دار الكتب |
||
| 020 | _a9772325993 | ||
| 040 |
_aGCL / _cGCL |
||
| 082 | 0 | 4 |
_221 _a751.73 / _bب ف |
| 100 | 0 | _aبركات سعيد محمد | |
| 245 | 1 | 2 |
_aالفن الجدارى : _bالخامة . الغرض . الموضوعات / _cبركات سعيد محمد |
| 250 | _aط.1 | ||
| 260 |
_aالقاهرة : _bعالم الكتب، _c2008 . |
||
| 300 |
_a128ص. : _bايض. ؛ _c24 سم. |
||
| 650 | 0 | 7 |
_aالجداريات _2qrmak |
| 651 | _2qrmak | ||
| 942 |
_2ddc _cBK |
||